[Event "Memorial Gashimov"]
[Site "Shamkir"]
[Date "19.04.2018"]
[Round "1"]
[White "Navara,D"]
[Black "Mamedov,Rau"]
[Result "1/2-1/2"]
[WhiteElo "2745"]
[BlackElo "2704"]
[EventDate "2018.04.19"]

1. e4 c5 2. Nf3 Nc6 3. Nc3 g6 4. d4 cxd4 5. Nxd4 Bg7 6. Be3 Nf6 7. Bc4 O-O
8. Bb3 Re8 9. f3 e6 10. f4 d6 11. Ndb5 Bf8 12. Qf3 a6 13. Nd4 Na5 14. O-O
b5 15. f5 exf5 16. exf5 Bb7 17. Bxf7+ Kxf7 18. Qg3 Bg7 19. fxg6+ hxg6 20.
Bg5 Nc6 21. Rxf6+ Bxf6 22. Rf1 Nxd4 23. Bxf6 Qxf6 24. Rxf6+ Kxf6 25. Qh4+
Ke5 26. Qh7 Bxg2 27. Qg7+ Ke6 28. Qxg6+ Kd7 29. Qg7+ Ke6 30. Qxd4 Rg8 31.
Kf2 Raf8+ 32. Ke3 Rg5 33. Qb6 Rc5 34. Ne2 Rf3+ 35. Kd2 Rf2 36. Ke3 Rf3+ 37.
Kd2 Rf2 38. Ke3 Rf3+ 39. Kd2 Rf2 1/2-1/2

[Event "Memorial Gashimov"]
[Site "Shamkir"]
[Date "19.04.2018"]
[Round "1"]
[White "Ding Liren"]
[Black "Wojtaszek,R"]
[Result "1/2-1/2"]
[WhiteElo "2778"]
[BlackElo "2744"]
[EventDate "2018.04.19"]

1. c4 Nf6 2. Nc3 e5 3. Nf3 Nc6 4. g3 Bb4 5. Bg2 d6 6. O-O O-O 7. d3 Re8 8.
Bd2 Nd4 9. a3 Nxf3+ 10. Bxf3 Bxc3 11. Bxc3 c6 12. e4 Bh3 13. Re1 c5 14. b4
b6 15. a4 Nd7 16. a5 Be6 17. Ra3 Rb8 18. b5 Qc8 19. axb6 axb6 20. Re2 Ra8
21. Rea2 Rxa3 22. Rxa3 Qc7 23. Bg2 Nf8 24. f4 f6 25. f5 Bc8 26. Bd2 Bb7 27.
g4 h6 28. h4 Nh7 29. Bf3 Qe7 30. Kf2 Rb8 31. Qc1 Ra8 32. Rxa8+ Bxa8 33. Qa1
Bb7 34. Qa7 Qc7 35. g5 fxg5 36. hxg5 Nxg5 37. Bxg5 hxg5 38. Bh5 Kf8 39. Kg3
Ke7 40. Kg4 Kd8 41. Bg6 Ke7 42. Kxg5 Kf8 43. Kh5 Ke7 44. Kg4 Kd8 45. Bh7
Ke8 46. Bg8 g6 47. Bd5 gxf5+ 48. Kf3 fxe4+ 49. Ke3 Qd8 50. Bxb7 Qg5+ 51.
Kxe4 Qf4+ 52. Kd5 Qf3+ 53. Kxd6 Qf6+ 54. Kd5 Qf3+ 55. Kxe5 Qg3+ 56. Kf5
Qh3+ 57. Kf4 Qh4+ 58. Kf3 Qf6+ 59. Ke2 Qb2+ 60. Ke1 Qc1+ 61. Ke2 Qb2+ 62.
Kf1 Qc1+ 63. Kg2 Qd2+ 64. Kg3 Qg5+ 65. Kf3 Qf6+ 66. Ke3 Qd4+ 67. Ke2
1/2-1/2

[Event "Memorial Gashimov"]
[Site "Shamkir"]
[Date "19.04.2018"]
[Round "1"]
[White "Giri,A"]
[Black "Karjakin,Sergey"]
[Result "1/2-1/2"]
[WhiteElo "2777"]
[BlackElo "2778"]
[EventDate "2018.04.19"]

1. d4 Nf6 2. c4 e6 3. Nc3 Bb4 4. Qc2 d5 5. cxd5 exd5 6. Bg5 h6 7. Bh4 c5 8.
dxc5 g5 9. Bg3 Ne4 10. e3 Nc6 11. Bd3 Nxg3 12. hxg3 d4 13. exd4 Qxd4 14.
Nf3 Qxc5 15. O-O Be6 16. Rfc1 g4 17. Ne1 O-O-O 18. Be4 Kb8 19. Nd3 Qc4 20.
Qe2 Qa6 21. Nxb4 Nxb4 22. Qe3 Qb6 23. Qf4+ Qd6 24. Qe3 Qd4 25. Qf4+ Qd6 26.
Qe3 Qd4 27. Qf4+ 1/2-1/2

[Event "Memorial Gashimov"]
[Site "Shamkir"]
[Date "20.04.2018"]
[Round "2"]
[White "Karjakin,Sergey"]
[Black "Ding Liren"]
[Result "1/2-1/2"]
[WhiteElo "2778"]
[BlackElo "2778"]
[EventDate "2018.04.19"]

1. e4 e5 2. Nf3 Nc6 3. Bc4 Nf6 4. d3 Bc5 5. c3 d6 6. O-O O-O 7. h3 a5 8.
Re1 h6 9. Nbd2 Be6 10. b3 Ba7 11. Nf1 d5 12. exd5 Nxd5 13. Bd2 Qf6 14. N1h2
Rad8 15. Ng4 Bxg4 16. hxg4 e4 17. g5 hxg5 18. Bxg5 Nxc3 19. Bxf6 Nxd1 20.
Raxd1 gxf6 21. Rxe4 Rfe8 22. Rde1 Rxe4 23. Rxe4 Kf8 24. Rh4 Kg7 25. Rg4+
Kf8 26. Rh4 Kg7 27. Rg4+ Kf8 1/2-1/2

[Event "Memorial Gashimov"]
[Site "Shamkir"]
[Date "20.04.2018"]
[Round "2"]
[White "Topalov,V"]
[Black "Giri,A"]
[Result "1/2-1/2"]
[WhiteElo "2749"]
[BlackElo "2777"]
[EventDate "2018.04.19"]

1. c4 Nf6 2. Nc3 e5 3. Nf3 Nc6 4. a3 d5 5. cxd5 Nxd5 6. Qc2 Nxc3 7. dxc3
Bd6 8. e4 O-O 9. Bc4 Qe7 10. Bg5 Qe8 11. O-O-O Be6 12. Bd5 f6 13. Be3 Bxd5
14. Rxd5 Ne7 15. Rdd1 Qc6 16. Nd2 a5 17. Qb3+ Kh8 18. Qc4 Qd7 19. a4 b6 20.
f3 Rab8 21. Kc2 b5 22. axb5 Rxb5 23. Ra1 Rfb8 24. b3 Ng6 25. Qa4 Qe7 26.
Nc4 Bc5 27. Bxc5 Qxc5 28. Rhd1 Nf4 29. Rd2 h6 30. Qa3 a4 31. bxa4 Rb4 32.
Rb1 Qxc4 33. Rxb4 Rxb4 34. Qxb4 Qa2+ 35. Qb2 Qxa4+ 36. Qb3 Qa6 37. g3 Ne6
38. Qd5 Ng5 39. f4 Nf3 40. Rd1 Qe2+ 41. Kb3 Nd4+ 42. Rxd4 exd4 43. Qxd4
Qxh2 44. Qd8+ Kh7 45. Qd3 Kh8 46. e5 fxe5 47. fxe5 Qg2 48. Qd8+ Kh7 49.
Qd3+ 1/2-1/2

[Event "Memorial Gashimov"]
[Site "Shamkir"]
[Date "20.04.2018"]
[Round "2"]
[White "Wojtaszek,R"]
[Black "Mamedyarov,S"]
[Result "1/2-1/2"]
[WhiteElo "2744"]
[BlackElo "2814"]
[EventDate "2018.04.19"]

1. d4 Nf6 2. c4 e6 3. g3 d5 4. Bg2 dxc4 5. Nf3 Nc6 6. Qa4 Bb4+ 7. Bd2 Nd5
8. Bxb4 Ndxb4 9. Ne5 O-O 10. Nxc6 Nxc6 11. e3 e5 12. d5 Ne7 13. Qxc4 c6 14.
dxc6 Nxc6 15. Nc3 Be6 16. Qb5 Qb6 17. Qxb6 axb6 18. O-O Rfd8 19. Rfd1 Kf8
20. Bd5 Ke7 21. Kf1 f5 22. f3 b5 23. Bxe6 Rxd1+ 24. Rxd1 Kxe6 25. a3 b4 26.
axb4 Nxb4 27. Ke2 Na2 28. Rb1 Nb4 29. Rd1 Na2 30. Rb1 Nb4 31. Rd1 Na2
1/2-1/2

[Event "Memorial Gashimov"]
[Site "Shamkir"]
[Date "21.04.2018"]
[Round "3"]
[White "Navara,D"]
[Black "Wojtaszek,R"]
[Result "1/2-1/2"]
[WhiteElo "2745"]
[BlackElo "2744"]
[EventDate "2018.04.19"]

1. e4 c5 2. Nf3 d6 3. d4 cxd4 4. Nxd4 Nf6 5. Nc3 a6 6. g3 e5 7. Nde2 Be7 8.
Bg2 b5 9. Nd5 Nbd7 10. Nec3 Nb6 11. Nxe7 Qxe7 12. Bg5 O-O 13. O-O h6 14.
Bxf6 Qxf6 15. a4 b4 16. Nd5 Nxd5 17. Qxd5 Be6 18. Qxd6 a5 19. Qb6 Rfc8 20.
Rfc1 Qe7 21. Qe3 Rc5 22. Bf1 Rac8 23. Ba6 R8c6 24. Bb5 Rc8 25. Ba6 R8c6 26.
Bb5 Rc8 27. Ba6 1/2-1/2

[Event "Memorial Gashimov"]
[Site "Shamkir"]
[Date "21.04.2018"]
[Round "3"]
[White "Ding Liren"]
[Black "Topalov,V"]
[Result "1/2-1/2"]
[WhiteElo "2778"]
[BlackElo "2749"]
[EventDate "2018.04.19"]

1. d4 Nf6 2. c4 e6 3. Nf3 d5 4. Nc3 c6 5. e3 Nbd7 6. Be2 Bd6 7. O-O O-O 8.
b3 b6 9. Bb2 Bb7 10. Qc2 Qe7 11. Rfe1 Rfe8 12. Rad1 Rad8 13. Bf1 c5 14.
cxd5 exd5 15. g3 a6 16. Bg2 Rc8 17. Qb1 h6 18. Nh4 c4 19. Nf5 Qf8 20. Nxd6
Qxd6 21. bxc4 Rxc4 22. a4 Rec8 23. Rc1 h5 24. h3 Nf8 25. Qa2 Ne6 26. Qb3
Qd8 27. Re2 Bc6 28. Rec2 b5 29. axb5 axb5 30. Nb1 Ng5 31. h4 Nge4 32. Na3
Qe7 33. Qd3 Rxc2 34. Nxc2 Bd7 35. Qa3 Qe8 36. Nb4 Rc4 37. Rxc4 bxc4 38. Bc1
Be6 39. Na6 Qb5 40. Nc5 Kh7 41. Nxe6 fxe6 42. Bf1 Nxf2 43. Kxf2 Ne4+ 44.
Ke2 c3+ 45. Ke1 Qb1 46. Bg2 Qc2 47. Bxe4+ dxe4 48. Kf1 Kg6 49. Kg1 Kh7 50.
Kh1 Kh6 51. Kg1 Kg6 52. Kh1 Qd1+ 53. Kh2 Qe2+ 54. Kg1 Qd1+ 55. Kh2 Qe2+ 56.
Kg1 Qe1+ 57. Kg2 Qe2+ 1/2-1/2

[Event "Memorial Gashimov"]
[Site "Shamkir"]
[Date "22.04.2018"]
[Round "4"]
[White "Giri,A"]
[Black "Ding Liren"]
[Result "1/2-1/2"]
[WhiteElo "2777"]
[BlackElo "2778"]
[EventDate "2018.04.19"]

1. c4 Nf6 2. Nf3 e6 3. b3 d5 4. Bb2 c5 5. cxd5 exd5 6. g3 Nc6 7. Bg2 d4 8.
O-O Be7 9. Na3 O-O 10. Nc4 Be6 11. e3 Rc8 12. exd4 cxd4 13. Re1 Bd5 14.
Nce5 Nxe5 15. Nxe5 Re8 16. Bf3 Bc5 17. Rc1 Qd6 18. Nd3 Rxe1+ 19. Nxe1 Re8
20. Nd3 Bb6 21. Nf4 Bxf3 22. Qxf3 Qd7 23. h4 h6 24. Ng2 Ng4 25. Re1 Ne5 26.
Qe4 Re6 27. Ba1 Ng4 28. Qd3 Ne5 29. Qe4 g6 30. Rf1 f5 31. Qf4 Qd5 32. f3
Kg7 33. g4 Rf6 34. g5 hxg5 35. hxg5 Re6 36. Qg3 Nd3 37. Nf4 Nxf4 38. Qxf4
Kf7 39. Qh4 Ke7 40. Qh7+ Kd6 41. Bb2 f4 42. Kh1 Qxg5 43. Ba3+ Kc6 44. Rc1+
Kb5 45. Qxb7 Qh4+ 46. Kg1 Re1+ 47. Rxe1 Qxe1+ 48. Kg2 Qxd2+ 49. Kh3 Qc2 50.
Qd5+ Ka6 51. Bd6 Qc8+ 52. Kg2 Qc2+ 53. Kh3 Qc1 54. Kg4 Qg1+ 55. Kxf4 Qh2+
56. Kg4 Qh5+ 57. Qxh5 gxh5+ 58. Kxh5 d3 59. Bf4 Ba5 60. Kg4 Kb5 61. Kf5 d2
62. Bxd2 Bxd2 63. f4 Kb4 64. Ke4 Kc5 65. Ke5 Kc6 66. f5 Bb4 67. Ke6 Ba3 68.
f6 a5 69. Kf7 Kd7 1/2-1/2

[Event "Memorial Gashimov"]
[Site "Shamkir"]
[Date "22.04.2018"]
[Round "4"]
[White "Karjakin,Sergey"]
[Black "Navara,D"]
[Result "1/2-1/2"]
[WhiteElo "2778"]
[BlackElo "2745"]
[EventDate "2018.04.19"]

1. e4 c6 2. d4 d5 3. e5 Bf5 4. Nf3 e6 5. Be2 c5 6. Be3 Qb6 7. Nc3 Nc6 8.
O-O Qxb2 9. Qe1 cxd4 10. Bxd4 Nxd4 11. Nxd4 Bb4 12. Ndb5 Ba5 13. g4 Bg6 14.
Rb1 Qxc2 15. Rc1 Qb2 16. f4 Ne7 17. Nd6+ Kf8 18. f5 exf5 19. gxf5 Nxf5 20.
Nxf5 Rc8 21. Bb5 Bxf5 22. e6 f6 23. Rxf5 Bxc3 24. Rxc3 Qxc3 25. e7+ Kf7 26.
e8=Q+ Rhxe8 27. Bxe8+ Kf8 28. Qxc3 Rxc3 29. Ba4 Rc5 30. Bb3 Ke7 31. Rxd5
Rxd5 32. Bxd5 b5 33. Kf2 Kd6 34. Bg8 h6 35. Ke3 Ke5 36. Bb3 g5 37. Bd1 f5
38. h3 a5 39. Bf3 b4 40. Bd1 Kd5 41. Kd3 Ke5 42. Ke3 Kd5 43. Kd3 Ke5
1/2-1/2

[Event "Memorial Gashimov"]
[Site "Shamkir"]
[Date "22.04.2018"]
[Round "4"]
[White "Wojtaszek,R"]
[Black "Mamedov,Rau"]
[Result "1/2-1/2"]
[WhiteElo "2744"]
[BlackElo "2704"]
[EventDate "2018.04.19"]

1. d4 d5 2. c4 e6 3. Nf3 c5 4. cxd5 exd5 5. g3 Nc6 6. Bg2 Nf6 7. O-O Be7 8.
dxc5 Bxc5 9. Qc2 Bb6 10. Nc3 O-O 11. Bg5 Be6 12. Na4 h6 13. Nxb6 axb6 14.
Bxf6 Qxf6 15. Qb3 Ra6 16. Rac1 d4 17. Qb5 Rxa2 18. Rc2 d3 19. exd3 Bg4 20.
Qc4 Bxf3 21. Bxf3 Ne5 22. Qxa2 Nxf3+ 23. Kg2 Nd4 24. b4 Qf3+ 25. Kg1 Qxd3
26. Qc4 Qe4 27. Rd1 Nf3+ 28. Kh1 Nd4+ 29. Kg1 Qxc2 30. Rxd4 Qxc4 31. Rxc4
Rd8 32. Kg2 Kf8 33. h4 Rd6 34. Rc7 Rd4 35. Rxb7 Rxb4 36. h5 Rb5 37. f4 f5
38. Kf2 Rb3 39. Rd7 Rb5 40. Ke3 Rb3+ 41. Kf2 1/2-1/2

[Event "Memorial Gashimov"]
[Site "Shamkir"]
[Date "23.04.2018"]
[Round "5"]
[White "Mamedov,Rau"]
[Black "Karjakin,Sergey"]
[Result "1/2-1/2"]
[WhiteElo "2704"]
[BlackElo "2778"]
[EventDate "2018.04.19"]

1. e4 c5 2. Nf3 d6 3. Bb5+ Nd7 4. O-O a6 5. Bd3 Ngf6 6. Re1 b5 7. c3 Bb7 8.
Bc2 c4 9. a4 e6 10. axb5 axb5 11. Rxa8 Qxa8 12. Na3 Bxe4 13. Bxe4 Nxe4 14.
d3 cxd3 15. Nxb5 Qb7 16. c4 d5 17. cxd5 exd5 18. Qb3 Ndc5 19. Qxd5 Qxd5 20.
Nc7+ Kd7 21. Nxd5 Bd6 22. b4 Nb3 23. Rxe4 Nxc1 24. Rc4 Ne2+ 25. Kf1 Rb8 26.
Ne1 Nf4 27. Nxf4 d2 28. Ke2 dxe1=B 29. Kxe1 Rxb4 30. Rxb4 Bxb4+ 31. Ke2 Bd6
32. Kf3 Bb4 33. Ke2 Bd6 34. Kf3 Bb4 35. Ke2 1/2-1/2

[Event "Memorial Gashimov"]
[Site "Shamkir"]
[Date "25.04.2018"]
[Round "6"]
[White "Topalov,V"]
[Black "Mamedov,Rau"]
[Result "1/2-1/2"]
[WhiteElo "2749"]
[BlackElo "2704"]
[EventDate "2018.04.19"]

1. e4 c5 2. Nf3 Nc6 3. d4 cxd4 4. Nxd4 Nf6 5. Nc3 e5 6. Ndb5 d6 7. Bg5 a6
8. Na3 b5 9. Bxf6 gxf6 10. Nd5 f5 11. Bd3 Be6 12. O-O Bxd5 13. exd5 Ne7 14.
Re1 Bg7 15. c3 O-O 16. Nc2 Re8 17. Qh5 e4 18. Bf1 Nxd5 19. Qxf5 Re5 20. Qh3
Qb6 21. Rad1 Rae8 22. Rxe4 Rxe4 23. Rxd5 h6 24. Qd3 R8e6 25. g3 R4e5 26.
Bg2 b4 27. cxb4 Re2 28. Rf5 Qc7 29. Ne3 Qc1+ 30. Bf1 Rxb2 31. a3 Ra2 32.
Qd5 Rxa3 33. Kg2 Raxe3 34. fxe3 Qxe3 35. Bxa6 Qe4+ 36. Qxe4 Rxe4 37. Rb5
Kf8 38. Bb7 Re2+ 39. Kh3 Bd4 40. Bf3 Rb2 41. Rd5 1/2-1/2

[Event "Memorial Gashimov"]
[Site "Shamkir"]
[Date "26.04.2018"]
[Round "7"]
[White "Navara,D"]
[Black "Ding Liren"]
[Result "0-1"]
[WhiteElo "2745"]
[BlackElo "2778"]
[EventDate "2018.04.19"]

1. e4 e5 2. Nf3 Nc6 3. Bb5 a6 4. Ba4 Nf6 5. O-O Be7 6. Re1 b5 7. Bb3 O-O 8.
a3 d6 9. c3 Na5 10. Ba2 c5 11. d4 c4 12. Bg5 h6 13. Bh4 Bg4 14. h3 Bxf3 15.
Qxf3 Nc6 16. d5 Na5 17. Bxf6 Bxf6 18. Nd2 Bg5 19. Nf1 g6 20. a4 Qe7 21. Bb1
Nb3 22. Ra2 Nc5 23. Bc2 Rfb8 24. g3 h5 25. h4 Bh6 26. axb5 axb5 27. Rea1
Rxa2 28. Rxa2 Kg7 29. Qe2 Rb7 30. Qe1 Qc7 31. Kg2 Qb6 32. Kf3 Rc7 33. Kg2
b4 34. cxb4 Nd3 35. Bxd3 cxd3 36. Ra1 Rc2 0-1

[Event "Memorial Gashimov"]
[Site "Shamkir"]
[Date "26.04.2018"]
[Round "7"]
[White "Wojtaszek,R"]
[Black "Karjakin,Sergey"]
[Result "1/2-1/2"]
[WhiteElo "2744"]
[BlackElo "2778"]
[EventDate "2018.04.19"]

1. d4 Nf6 2. c4 e6 3. g3 Bb4+ 4. Nd2 c5 5. a3 Bxd2+ 6. Qxd2 cxd4 7. Nf3 d5
8. Bg2 dxc4 9. Qxd4 Qxd4 10. Nxd4 O-O 11. Be3 Nd5 12. Rc1 Nxe3 13. fxe3 Nd7
14. Rxc4 Nf6 15. O-O Rd8 16. Rc7 Rb8 17. b4 Rd7 18. Rc4 Rd8 19. Rc7 e5 20.
Nb5 Bg4 21. Re1 a6 22. Nc3 Rbc8 23. Rxc8 Rxc8 24. Na4 Rc7 25. h3 Bc8 26.
Nb6 Be6 27. a4 h5 28. a5 g6 29. Kf2 Kg7 30. Rd1 Bf5 31. Rd6 Be6 32. Rd1 g5
33. Ke1 Kf8 34. h4 gxh4 35. gxh4 Ke7 36. e4 Nd7 37. Nd5+ Bxd5 38. Rxd5 Rc4
39. Bh3 Nf6 40. Rxe5+ Kd6 41. Rf5 Nxe4 42. Kd1 Nc3+ 43. Ke1 Rxh4 44. Bg2
Rxb4 45. Rxf7 Nd5 46. Rh7 Rb5 1/2-1/2

[Event "Memorial Gashimov"]
[Site "Shamkir"]
[Date "26.04.2018"]
[Round "7"]
[White "Carlsen,M"]
[Black "Topalov,V"]
[Result "1-0"]
[WhiteElo "2843"]
[BlackElo "2749"]
[EventDate "2018.04.19"]

1. c4 Nf6 2. Nc3 e5 3. Nf3 Nc6 4. e3 Bb4 5. Qc2 Bxc3 6. bxc3 d6 7. e4 O-O
8. g3 Ne8 9. Nh4 Ne7 10. d3 f5 11. exf5 Nxf5 12. Nxf5 Bxf5 13. Bg2 c6 14.
h3 Nc7 15. O-O Ne6 16. Be3 Nc5 17. Rad1 Qd7 18. Kh2 Bg6 19. Rd2 Rae8 20.
Qd1 b6 21. Re1 h6 22. Bxc5 dxc5 23. Re3 Re6 24. Kg1 Rd6 25. h4 Rd8 26. Rxe5
Bxd3 27. Be4 Bxc4 28. Rxd6 Qxd6 29. Re8+ Rxe8 30. Qxd6 Rxe4 31. Qxc6 Re1+
32. Kh2 Bxa2 33. g4 Kh7 34. f4 h5 35. f5 hxg4 36. h5 Bf7 37. Qb7 Kg8 38.
Qxa7 Bxh5 39. Qxb6 c4 40. Qd8+ Be8 41. Kg3 Kh7 42. Qc7 Kg8 43. Qxc4+ Bf7
44. Qd4 Re8 45. c4 Rf8 46. c5 Be8 47. Qd5+ Kh7 48. Qe6 Bb5 49. c6 Bxc6 50.
Qg6+ Kg8 51. Qxc6 Rf6 52. Qe8+ Kh7 53. Kxg4 Rh6 54. Kf4 Rf6 55. Ke5 Rh6 56.
Qe6 1-0

[Event "Memorial Gashimov"]
[Site "Shamkir"]
[Date "26.04.2018"]
[Round "7"]
[White "Mamedov,Rau"]
[Black "Giri,A"]
[Result "1/2-1/2"]
[WhiteElo "2704"]
[BlackElo "2777"]
[EventDate "2018.04.19"]

1. e4 e5 2. Nf3 Nf6 3. Nxe5 d6 4. Nf3 Nxe4 5. Bd3 Nf6 6. O-O Be7 7. c3 O-O
8. Bc2 Bg4 9. h3 Bh5 10. d4 c6 11. Re1 Na6 12. Nbd2 Qd7 13. Nf1 Rae8 14.
Ng3 Bg6 15. Bxg6 hxg6 16. Qb3 Bd8 17. Bg5 Nd5 18. Bxd8 Rxd8 19. Ne4 Rfe8
20. Qa3 Nf6 21. Nxf6+ gxf6 22. d5 c5 23. Qb3 Kg7 24. c4 Rxe1+ 25. Rxe1 Re8
26. a3 Rxe1+ 27. Nxe1 Nb8 28. Nc2 Qe7 29. Qe3 Qe5 30. Qb3 b6 31. Ne3 f5 32.
Qa4 a6 33. b4 f4 34. Nf1 Kf8 35. bxc5 dxc5 36. Qb3 Nd7 37. Qa4 Nb8 38. Qb3
Nd7 39. Qa4 1/2-1/2

[Event "Memorial Gashimov"]
[Site "Shamkir"]
[Date "27.04.2018"]
[Round "8"]
[White "Topalov,V"]
[Black "Wojtaszek,R"]
[Result "0-1"]
[WhiteElo "2749"]
[BlackElo "2744"]
[EventDate "2018.04.19"]

1. e4 e5 2. Nf3 Nc6 3. Bb5 a6 4. Ba4 Nf6 5. O-O Bc5 6. c3 O-O 7. d4 Ba7 8.
Re1 b5 9. Bb3 d6 10. h3 Bb7 11. a4 Ne7 12. Bc2 Ng6 13. Na3 c6 14. Bd3 Re8
15. Nc2 h6 16. dxe5 dxe5 17. Be3 Bxe3 18. Nxe3 Nf4 19. Bc2 Qc7 20. Nf5 Rad8
21. Qc1 Bc8 22. Nh2 Bxf5 23. exf5 e4 24. axb5 axb5 25. Nf1 c5 26. b3 Nd3
27. Bxd3 exd3 28. Rxe8+ Rxe8 29. c4 Re2 30. cxb5 Qe5 31. Ra8+ Kh7 32. Qc4
Qxf5 33. f3 Rc2 34. Qxf7 Qg5 35. g4 Qh4 0-1

[Event "Memorial Gashimov"]
[Site "Shamkir"]
[Date "27.04.2018"]
[Round "8"]
[White "Ding Liren"]
[Black "Mamedov,Rau"]
[Result "1-0"]
[WhiteElo "2778"]
[BlackElo "2704"]
[EventDate "2018.04.19"]

1. d4 d5 2. c4 e6 3. Nf3 c5 4. cxd5 exd5 5. g3 Nc6 6. Bg2 Nf6 7. O-O Be7 8.
Nc3 O-O 9. Bg5 c4 10. e3 Be6 11. b3 cxb3 12. Qxb3 Na5 13. Qb2 Ne4 14. Nxe4
dxe4 15. Bxe7 Qxe7 16. Nd2 Nc4 17. Nxc4 Bxc4 18. Rfc1 Rac8 19. a4 g6 20. a5
Rc6 21. Bf1 b5 22. axb6 Rxb6 23. Qa3 Qxa3 24. Rxa3 Bxf1 25. Kxf1 a6 26. Rc5
f5 27. h3 Rff6 28. Kg2 h5 29. Raa5 Kg7 30. Rc7+ Rf7 31. Rc8 h4 32. Re8 hxg3
33. Kxg3 Rb3 34. Kg2 Rb2 35. Rxa6 f4 36. exf4 Rxf4 37. Ra7+ Kh6 38. Kg3 Rf6
39. h4 g5 40. Rh8+ Kg6 41. Rg8+ Kf5 42. Rxg5+ 1-0

[Event "Memorial Gashimov"]
[Site "Shamkir"]
[Date "28.04.2018"]
[Round "9"]
[White "Wojtaszek,R"]
[Black "Giri,A"]
[Result "1/2-1/2"]
[WhiteElo "2744"]
[BlackElo "2777"]
[EventDate "2018.04.19"]

1. d4 d5 2. c4 e6 3. Nf3 Nf6 4. g3 Be7 5. Bg2 O-O 6. O-O dxc4 7. Qc2 a6 8.
a4 Bd7 9. Bg5 Bc6 10. Rd1 b5 11. Bxf6 Bxf6 12. Nc3 Qe8 13. d5 exd5 14. Nd4
Qe5 15. e4 dxe4 16. axb5 axb5 17. Nxc6 Nxc6 18. Rxa8 Rxa8 19. Qxe4 Qxe4 20.
Bxe4 Ra6 21. Nxb5 Ne5 22. Nxc7 Ra2 23. Rb1 Nd7 24. Bc6 Nc5 25. Bd5 Rxb2 26.
Rxb2 Bxb2 27. Bxc4 Be5 28. Na6 Nxa6 29. Bxa6 Bd6 30. Bb5 Be5 31. Ba6 Bd6
32. Bb5 Be5 1/2-1/2

[Event "Memorial Gashimov"]
[Site "Shamkir"]
[Date "28.04.2018"]
[Round "9"]
[White "Karjakin,Sergey"]
[Black "Topalov,V"]
[Result "1-0"]
[WhiteElo "2778"]
[BlackElo "2749"]
[EventDate "2018.04.19"]

1. e4 e5 2. Nf3 Nc6 3. Bc4 Bc5 4. d3 Nf6 5. Nc3 d6 6. Na4 Bb6 7. a3 O-O 8.
O-O Ne7 9. Nxb6 axb6 10. Bg5 Be6 11. Bxf6 gxf6 12. Nh4 d5 13. exd5 Nxd5 14.
d4 c6 15. Re1 b5 16. Bxd5 cxd5 17. Qh5 e4 18. f3 b4 19. fxe4 dxe4 20. Rxe4
Ra5 21. Qh6 Qd5 22. Rf4 bxa3 23. bxa3 Qg5 24. Qxf6 Qxf6 25. Rxf6 Rc8 26.
Rf2 b5 27. Rd2 b4 28. a4 Bd7 29. Kf2 Rxa4 30. Rb1 Rc4 31. Rb2 Kf8 32. g3
Bh3 33. Nf3 f6 34. Ke3 Bg4 35. Ne1 Ke7 36. Ng2 Bh3 37. Nf4 Be6 38. d5 Bf5
39. d6+ Kd8 40. Nd5 Ra3+ 41. Kf2 Be4 42. Nb6 Rc5 43. Rxb4 Rh5 44. Ke1 Bc6
45. Re2 Ra6 46. c4 Ra1+ 47. Kd2 Rf5 48. Re7 Ra2+ 49. Kc3 1-0